Book Publishing: (Record no. 63588)

MARC details
000 -LEADER
fixed length control field 00616nam a22001577a 4500
005 - DATE AND TIME OF LATEST TRANSACTION
control field 2012021600430.0
020 ## - INTERNATIONAL STANDARD BOOK NUMBER
Terms of availability 000.00
035 ## - SYSTEM CONTROL NUMBER
System control number A-996228
037 ## - SOURCE OF ACQUISITION
Stock number DPL
Source of stock number/acquisition ENG
100 ## - MAIN ENTRY--PERSONAL NAME
Personal name Jolly,G.S.
245 ## - TITLE STATEMENT
Title Book Publishing:
Statement of responsibility, etc by G.S.Jolly
Remainder of title Theory and Practice/
260 ## - PUBLICATION, DISTRIBUTION, ETC. (IMPRINT)
Place of publication, distribution, etc New Delhi
Name of publisher, distributor, etc Har-Anand Publications
Date of publication, distribution, etc 1999
300 ## - PHYSICAL DESCRIPTION
Extent 284p.
Dimensions 23 cms.
942 ## - ADDED ENTRY ELEMENTS (KOHA)
Source of classification or shelving scheme Dewey Decimal Classification
Item type English Books
Classification part 070.5
Call number suffix JOL
Holdings
Withdrawn status Lost status Not for loan Collection code Home library Current library Date acquired Full call number Barcode Koha item type
      Non-fiction Sarojini Nagar Sarojini Nagar 29/02/2012 070.5 JOL A-996228 English Books

© Delhi Public Library
Hit Counter
free hit counter